| 000 | 00546 a2200169 4500 | ||
|---|---|---|---|
| 020 | _a0071202900 | ||
| 082 | _a621.3845 | ||
| 090 |
_c4496 _d4496 |
||
| 100 | _aGallagher, Michael D. | ||
| 245 |
_aWireless mobile networking with ANSI-41 _cMichael D. Gallagher |
||
| 250 | _a2nd ed. | ||
| 260 |
_aNew York : _bMcGraw-Hill, _c c2001. |
||
| 300 |
_axxviii, 573 p. : _bill. ; _c 24 cm. |
||
| 500 | _aRev. ed. of: Mobile telecommunications networking with IS-41. c1997. | ||
| 650 | _aPersonal communication service systems. | ||
| 942 |
_cBK _k621.3845 GAL |
||
| 999 |
_c8385 _d8385 |
||